Visión y diferencia: feminismo, feminidad e historias del arte
Gardado en:
| Autor Principal: | |
|---|---|
| Formato: | Libro |
| Idioma: | Lingua castelá |
| Publicado: |
Buenos Aires
Fiordo
2013
|
| Edición: | 1a. ed |
| Subjects: | |
| Tags: |
Engadir etiqueta
Sen Etiquetas, Sexa o primeiro en etiquetar este rexistro!
|
MARC
| LEADER | 00000cam a2200000 a 4500 | ||
|---|---|---|---|
| 001 | UCC5351 | ||
| 003 | CL-VaPUC | ||
| 008 | 181005e20130000ag |||||||||||||||||spa|d | ||
| 020 | |a 9789872838645 | ||
| 082 | 0 | 4 | |a 700.9 |b POL |2 21 |
| 100 | 0 | |a Pollock, Griselda |e author |9 599686 | |
| 245 | 1 | 0 | |a Visión y diferencia: feminismo, feminidad e historias del arte |
| 250 | |a 1a. ed | ||
| 300 | |a 352 p | ||
| 942 | |c BK | ||
| 945 | |d 20181005 11:02:00 |a dcastane | ||
| 260 | |a Buenos Aires |b Fiordo |c 2013 | ||
| 650 | 0 | |a Historia del arte siglo 20 |9 265287 | |
| 650 | 0 | |a Arte contemporáneo |y Siglo 20 |9 550908 | |
| 583 | |a last modification |c 20181005 11:02:00 |k Rodrigo Vera | ||
| 999 | |c 372604 |d 372602 | ||
| 952 | |0 0 |1 0 |3 erb |4 0 |6 700_900000000000000_POL_2013 |7 0 |8 A |9 490293 |a BIBART |b BIBART |i 5504538 |l 2 |o 700.9 POL 2013 |p 5504538 |r 2025-03-13 |s 2024-11-11 |w 2019-11-24 |y BK |z Catalogado en:20181005 |k ART | ||